000 00233nam a2200097Ia 4500
001 851829
005 20250826174503.0
008 250824s9999 xx 000 0 und d
245 0 _aALPARSLAN
_cMUSTAFA AKGÜN
260 _bPANAMA YAYINLARI
999 _c851829
_d851829